Romans for the layman. (Record no. 5707)

000 -LEADER
fixed length control field 00562nam a2200181 a 4500
001 - CONTROL NUMBER
control field :::00003449$&:&@@
003 - CONTROL NUMBER IDENTIFIER
control field OkBaRHE
005 - DATE AND TIME OF LATEST TRANSACTION
control field 20000607103305.0
008 - FIXED-LENGTH DATA ELEMENTS--GENERAL INFORMATION
fixed length control field s1961 j 000 0 eng u
040 ## - CATALOGING SOURCE
Transcribing agency
100 1# - MAIN ENTRY--PERSONAL NAME
Personal name Throckmorton, Burton H.
245 10 - TITLE STATEMENT
Title Romans for the layman.
260 ## - PUBLICATION, DISTRIBUTION, ETC. (IMPRINT)
Place of publication, distribution, etc Philadelphia, PA., :
Name of publisher, distributor, etc Westminster Press
Date of publication, distribution, etc c1961
300 ## - PHYSICAL DESCRIPTION
Extent 109 p. ;
Dimensions 19 cm.
650 ## - SUBJECT ADDED ENTRY--TOPICAL TERM
Topical term or geographic name as entry element Bible New Testament Romans
General subdivision Commentaries
942 ## - ADDED ENTRY ELEMENTS (KOHA)
Source of classification or shelving scheme
Koha item type Books
Copies
Price effective from Koha item type Withdrawn status Not for loan Lost status Barcode Shelving location Date last seen Full call number Permanent Location Source of classification or shelving scheme Copy number Date acquired Damaged status
2010-04-14Books   3449General Stacks2018-03-28BS 2665 .T75RHEMA Bible Training College 12010-04-14